| 000 | 00618nam a2200169 a 4500 | ||
|---|---|---|---|
| 008 | 090603s2008 ||||||||||||||||| || u | ||
| 020 | _a9789264045859 | ||
| 050 | _aADB(058)AEO/2008 | ||
| 110 | _aAfrican Development Bank (ADB) | ||
| 245 | 1 | 0 | _aAfrican economic outlook, 2007/2008 |
| 260 |
_aParis _bAfican Development Bank _c2008 |
||
| 300 | _a688p. ;ill | ||
| 350 | _a0.00 | ||
| 650 | 0 | _aAFRICA--ECONOMIC POLICY | |
| 650 | 0 | _aAFRICA--ECONOMIC CONDITIONS | |
| 995 |
_D0.00 _FCBU-MAIN LIBRARY (Kitwe) _H1 _I0.00 _M1 _UAVAILABLE _WJun 4, 2009 _ZInternational Publications |
||
| 999 |
_c33738 _d33738 |
||